| 000 | 00903cam a2200133 4500500 | ||
|---|---|---|---|
| 005 | 20251214002553.0 | ||
| 041 | _afre | ||
| 042 | _adc | ||
| 100 | 1 | 0 |
_aBalard, Michel _eauthor |
| 245 | 0 | 0 | _aLe commentaire de traduction anglaise |
| 260 |
_bArmand Colin,
_c2007. |
||
| 520 | _aCe manuel propose une nouvelle approche du commentaire de traduction. En premier lieu, il apporte les éléments méthodologiques de base nécessaires à la description ordonnée des textes. Puis il offre la possibilité de les appliquer de manière progressive, des commentaires simples et autocorrectifs à des commentaires comparés plus complexes. Des corrigés, un index, des indications bibliographiques et des propositions de travaux plus synthétiques complètent l’ouvrage. | ||
| 856 | 4 | 1 | _uhttps://shs.cairn.info/le-commentaire-de-traduction-anglaise--9782200353032?lang=fr&redirect-ssocas=7080 |
| 999 |
_c1567125 _d1567125 |
||